Rondas de Gabriela Mistral /

El presente volumen contiene rondas destinadas a los niños, segmento de lectores que fue motivo constante de preocupación y ocupación por parte de la autora chilena.

Gardado en:
Detalles Bibliográficos
Autor Principal: Mistral, Gabriela (autor)
Outros autores: Jullian, Andrés (ilustración) (ilustración)
Formato: Libro
Idioma:Lingua castelá
Publicado: Santiago, Chile : Andrés Bello, 2005, c2005
Edición:2a edición
Series:(A Partir de 6 Años ; 211)
Temas:
Etiquetas: Engadir etiqueta
Sen Etiquetas, Sexa o primeiro en etiquetar este rexistro!

MARC

LEADER 00000nam^a2200000^a^4500
001 000184971
005 20250521000000.0
009 20260310102134.014
020 |a 956-13-1767-2 
037 |a Acervo ITESO - Biblioteca 
041 |a ESP 
082 |a 808. 899282  |b MIS 
100 |a Mistral, Gabriela  |e (autor) 
245 1 0 |a Rondas de Gabriela Mistral /  |c G. Mistral ; il. de A. Jullian. 
250 |a 2a edición 
264 4 |a Santiago, Chile :  |b Andrés Bello,  |c 2005, c2005 
300 |a 69 p. 
336 |a texto  |b txt  |2 rdacontenido 
337 |a sin mediación  |b n  |2 rdamedio 
338 |a volumen  |b nc  |2 rdasoporte 
440 1 |a (A Partir de 6 Años ;  |v 211) 
520 |a El presente volumen contiene rondas destinadas a los niños, segmento de lectores que fue motivo constante de preocupación y ocupación por parte de la autora chilena. 
649 |a XX 
650 |a Rondas Infantiles -  |z Chile 
650 |a Rimas Infantiles -  |z Chile 
650 |a Poesía Chilena 
650 |a Literatura Infantil -  |z Chile 
650 |a Literatura de Mujeres -  |z Chile 
650 |a Literatura Chilena -  |y Siglo XX 
700 |a Jullian, Andrés  |e (ilustración) 
910 |a Fondo General 
920 |a Impresos - Libros 
930 |a Colección General 
940 |a Literatura 
905 |a 101 
901 |a 0500125884  |b IT1  |c LIT  |u 20250521 
902 |a https://opac.biblio.iteso.mx/vufind/Record/000184971